| 000 | 01023nam a22002417a 4500 | ||
|---|---|---|---|
| 005 | 20120614170415.0 | ||
| 008 | 081007t xxu||||| |||| 00| 0 mar | ||
| 010 | _aMAR-22220 | ||
| 020 | _c180.00 | ||
| 035 | _aMR-14878 | ||
| 037 | _bD.B.Act /pub | ||
| 082 | _a921 | ||
| 100 |
_aनलावडे, रामचंद्र _949115 |
||
| 245 |
_aवडारवाटा / _cरामचंद्र नलावडे |
||
| 246 |
_aVadaarvata _bby Ramchandra Nalawade |
||
| 260 |
_aपुणे _bदेशमुख आणि कंपनी(पब्लिशर्स) _c2011 |
||
| 270 |
_a‘सावली’ 473,सदाशिव पेठ, _bपुणे _e411030 |
||
| 300 |
_a171पृ _c22सेमी (अजिल्द) |
||
| 650 |
_949243 _aआत्मचरित्र |
||
| 650 |
_949244 _aAutobiography |
||
| 942 |
_2ddc _cMR _mनलाव _h921 |
||
| 999 |
_c68056 _d68056 |
||